Polar Animals - Sudden Death - Statistics

General Stats
  • This quiz has been taken 326 times
  • The average score is 4 of 16
Answers on the Grid
Answers color-coded by a green-red scale on the quiz's grid according to % correct below.
Alpine ibex
Atlantic puffin
Beluga whale
Bowhead whale
Caiman
Chinchilla
Chinstrap penguin
Echidna
Emu
Fennec fox
Giant panda
Humboldt penguin
King penguin
Leopard seal
Manatee
Monk seal
Musk ox
Narwhal
Natterjack toad
Onagar
Orca
Polar bear
Reindeer
Ring-tailed lemur
Rock ptarmigan
Sidewinder
Snow leopard
Snow petrel
Snowy owl
Southern elephant seal
Walrus
Yak
 
Answer Stats
Answer % Correct
Polar bear
50%
Orca
39%
King penguin
38%
Narwhal
37%
Leopard seal
30%
Reindeer
29%
Walrus
28%
Atlantic puffin
25%
Beluga whale
25%
Chinstrap penguin
25%
Snowy owl
25%
Southern elephant seal
24%
Snow petrel
18%
Bowhead whale
16%
Musk ox
16%
Rock ptarmigan
6%
No matching quizzes found
Score Distribution
Percent of People with Each Score
Percentile by Number Answered
Your Score History
You have not taken this quiz